Culture Générale - Série 808 - Statistiques

Statistiques générales
  • Ce quiz a été pris 141 fois
  • Le résultat moyen est 4 sur 10
Statistiques - réponses
Question Réponse % Correct
Quel oiseau marin est appelé "rieuse" ? mouette
95%
Quel est le nom du chien de Mickey ? Pluto
93%
Comment appelle-t-on l'ensemble des parties comestibles, accessoires et non nobles, des animaux de boucherie ? abats
63%
Quel nom donne-t-on plus communément à la maladie appelée "ictère" ? jaunisse
53%
Il a dirigé le Portugal durant 36 années, de 1932 à 1968, en tant que dictateur Salazar
46%
Dans quel pays africain se trouve la ville de Tozeur ? Tunisie
41%
Quel romancier américain né en 1809 est considéré comme "le père du roman policier " ? Edgar Allan Poe
25%
Quel adjectif qualifie un animal, un insecte, dépourvu d'ailes ? aptère
15%
Quelle est la monnaie de l'Iran ? rial
15%
Qu'est-ce que le rotenone ? insecticide
2%
Aucun quiz correspondant
Distribution des résultats
% des personnes avec chaque résultat
Percentile par nombre de réponses
Votre historique - résultats
Vous n’avez pas pris ce quiz